| 000 | 00000nas 2200000za 4500 |
| 001 | 9.505647 |
| 003 | CaOODSP |
| 005 | 20221107133517 |
| 007 | cr ||||||||||| |
| 008 | 150406d20072007oncar p o f0 |0eng|d |
| 040 | |aCaOODSP|beng |
| 043 | |an-cn--- |
| 086 | 1 |aCP51-10E-PDF |
| 110 | 1 |aCanada.|bCanada Public Service Agency. |
| 245 | 10|aAnnual report on official languages |h[electronic resource] : |bannual report to Parliament. |
| 260 | |a[Ottawa] : |bCanada Public Service Agency, |cc2009. |
| 310 | |aAnnual |
| 362 | 1 |aBegan and ceased with 2006/07 report. |
| 500 | |aIssued also in French under title: Rapport annuel sur les langues officielles. |
| 690 | 07|aOfficial languages|2gcpds |
| 775 | 08|tRapport annuel sur les langues officielles |w(CaOODSP)9.502046 |
| 780 | 00|tAnnual report on official languages |w(CaOODSP)9.507309 |
| 785 | 00|tAnnual report on official languages. |w(CaOODSP)9.505810 |